|
|
|
|
| LEADER |
00000nam0a2200000 4500 |
| 001 |
165322 |
| 005 |
20231031161709.0 |
| 010 |
|
|
|a 5020301337
|
| 020 |
|
|
|a RU
|b 92-24166
|
| 035 |
|
|
|a (RuTPU)RU\TPU\book\179345
|
| 090 |
|
|
|a 165322
|
| 100 |
|
|
|a 20090917d1992 k y0rusy5003 ca
|
| 101 |
0 |
|
|a rus
|
| 102 |
|
|
|a RU
|
| 105 |
|
|
|a a z 001zy
|
| 200 |
1 |
|
|a Структурно-кинематический анализ Патомского прогиба
|f А. И. Иванов, Г. В. Рязанов
|g Российская академия наук (РАН), Сибирское отделение (СО), Институт земной коры (ИЗК) ; под ред. В. Г. Беличенко
|
| 210 |
|
|
|a Новосибирск
|c Наука
|c Сиб. отд-ние
|d 1992
|
| 215 |
|
|
|a 88 с.
|c ил.
|
| 320 |
|
|
|a Библиогр.: с. 82-87
|
| 610 |
1 |
|
|a горные породы
|
| 610 |
1 |
|
|a складчатые зоны
|
| 610 |
1 |
|
|a Патомское нагорье
|
| 610 |
1 |
|
|a геолого-тектонические исследования
|
| 610 |
1 |
|
|a дислокации
|
| 610 |
1 |
|
|a кинематика
|
| 610 |
1 |
|
|a динамика
|
| 610 |
1 |
|
|a рудообразование
|
| 610 |
1 |
|
|a парагенезисы
|
| 675 |
|
|
|a 551.243
|z rus
|
| 700 |
|
1 |
|a Иванов
|b А. И.
|g Анатолий Иннокентьевич
|
| 701 |
|
1 |
|a Рязанов
|b Г. В.
|g Генри Васильевич
|
| 702 |
|
1 |
|a Беличенко
|b В. Г.
|4 340
|
| 712 |
0 |
2 |
|a Российская академия наук (РАН)
|b Сибирское отделение (СО)
|b Институт земной коры (ИЗК)
|c (Иркутск)
|2 stltpush
|3 (RuTPU)RU\TPU\col\287
|
| 801 |
|
0 |
|a RU
|b RuMRKP
|c 19950417
|g psbo
|
| 801 |
|
1 |
|a RU
|b 63413507
|c 20090917
|
| 801 |
|
2 |
|a RU
|b 63413507
|c 20100705
|g RCR
|
| 942 |
|
|
|c BK
|